|
|
|
|
| LEADER |
01441nam a2200337 a 4500 |
| 001 |
EBC830254 |
| 003 |
MiAaPQ |
| 005 |
20200520144314.0 |
| 006 |
m o d | |
| 007 |
cr cn||||||||| |
| 008 |
120120s2011 ncuo sb 000 0 eng d |
| 020 |
|
|
|a 9780807872895 (electronic bk.)
|
| 035 |
|
|
|a (MiAaPQ)EBC830254
|
| 035 |
|
|
|a (Au-PeEL)EBL830254
|
| 035 |
|
|
|a (CaPaEBR)ebr10521879
|
| 035 |
|
|
|a (OCoLC)769344367
|
| 040 |
|
|
|a MiAaPQ
|c MiAaPQ
|d MiAaPQ
|
| 043 |
|
|
|a n-usu--
|
| 050 |
|
4 |
|a HC107.A13
|b G56 2011
|
| 245 |
0 |
2 |
|a A way forward
|h [electronic resource] :
|b building a globally competitive South /
|c Global Reasearch Institute, the University of North Carolina at Chapel Hill ; Daniel P. Gitterman and Peter A. Coclanis, editors.
|
| 260 |
|
|
|a Chapel Hill, N.C. :
|b University of North Carolina Press,
|c 2011.
|
| 300 |
|
|
|a 215 p. :
|b ill.
|
| 504 |
|
|
|a Includes bibliographical references.
|
| 533 |
|
|
|a Electronic reproduction. Ann Arbor, MI : ProQuest, 2015. Available via World Wide Web. Access may be limited to ProQuest affiliated libraries.
|
| 651 |
|
0 |
|a Southern States
|x Economic conditions
|y 1945-
|
| 655 |
|
4 |
|a Electronic books.
|
| 700 |
1 |
|
|a Gitterman, Daniel.
|
| 700 |
1 |
|
|a Coclanis, Peter A.,
|d 1952-
|
| 710 |
2 |
|
|a University of North Carolina at Chapel Hill.
|b Global Research Institute.
|
| 710 |
2 |
|
|a ProQuest (Firm)
|
| 856 |
4 |
0 |
|u https://ebookcentral.proquest.com/lib/matrademy/detail.action?docID=830254
|z Click to View
|